සාප්පු හා කාර්යාලයීය සේවකයන් පිළිබඳ (සේවය හා වේතන විධිමත් කිරීමේ) (සංශෝධන) : (129 වන අධිකාරය වු) සාප්පු හා කාර්යාලයීය සේවකයන් පිළිබඳ (සේවය හා වේතන විධිමත් කිරීමේ) පනත් සංශෝධනය කිරීම සඳහා වූ පනත් කෙටුම්පතකි.

Saved in:
Bibliographic Details
Format: Book
Language:Sinhalese
Published: කොළඹ : රජයේ ප්‍රකාශන කාර්යාංශය, 2020.
Tags: Add Tag
No Tags, Be the first to tag this record!

MARC

LEADER 00000nam a22000007a 4500
003 LK-CoNLD
005 20221020134029.0
008 180905b ||||| |||| 00| 0 sin d
015 |2 slnb  |a slnb201807 
017 |a 470806  |b LK-CoDNA 
040 |a LK-CoNLD  |b SIN  |c LK-CoNLD  |d LK-CoNLD 
082 |2 23  |q LK-CoNLD  |a 344.01210262 
245 |6 880-1  |a සාප්පු හා කාර්යාලයීය සේවකයන් පිළිබඳ (සේවය හා වේතන විධිමත් කිරීමේ) (සංශෝධන)   |b : (129 වන අධිකාරය වු) සාප්පු හා කාර්යාලයීය සේවකයන් පිළිබඳ (සේවය හා වේතන විධිමත් කිරීමේ) පනත් සංශෝධනය කිරීම සඳහා වූ පනත් කෙටුම්පතකි. 
260 |9 5476  |a කොළඹ :  |b රජයේ ප්‍රකාශන කාර්යාංශය,  |c 2020. 
300 |a පි. 2 ;  
500 |a Text in Sinhala.  
505 |a ශ්‍රී ලංකා ප්‍රජාතාන්ත්‍රික සමාජවාදී ජනරජයේ ගැසට් පත්‍රය 2020 ඔක්තෝබර් 02 : II වන කොටස අතිරේකය (2020.10.07 දින නිකුත් කරන ලදී) 
942 |c PARLBILL 
999 |c 248758  |d 248758